[Event "Dyfed Major"]
[Site "Fishguard"]
[Date "2017.02.26"]
[Round "4"]
[White "Hammett, Scott"]
[Black "O'Brien, Sam"]
[Result "0-1"]
[WhiteElo "1443"]
[BlackElo "1500"]
[Annotator "Rudy"]
[PlyCount "98"]
[EventDate "2017.02.24"]
[EventCountry "WLS"]

1. d4 d5 2. e3 Bf5 3. f4 (3. c4 e6 4. Nc3 (4. Qb3)) 3... Nf6 4. Nd2 e6 5. c3 c5
6. Ngf3 Nc6 7. Be2 Rc8 8. O-O (8. Ne5 Bd6 9. O-O Ne4 10. g4 Nxd2 11. Bxd2 Be4
12. Nxc6 bxc6 13. Be1 Qb6 14. b4 cxb4 15. cxb4 Bxb4 16. Qa4 Bxe1 17. Rfxe1 O-O
{Stock-Dittmar, Seefeld op 2002,0-1}) 8... cxd4 9. exd4 Be7 10. Ne5 Ne4 11.
Nxe4 Bxe4 12. Bf3 Bxf3 13. Qxf3 $11 O-O 14. Qh3 Nxe5 15. fxe5 b5 16. Rf3 (16.
Qg4 Kh8 17. Rf3 $14 {Komodo10}) 16... b4 17. Rb1 $6 {the R belongs on f1} (17.
Qg4 f5 18. exf6 Bxf6 19. Qxe6+ Kh8 20. Bd2 $14 {Komodo10}) (17. Bh6 f5 (17...
gxh6 18. Qxh6 Bh4 19. Rh3 f5 20. Rxh4 Qe7 21. cxb4 $16 {Komodo10}) 18. exf6
Bxf6 19. Qxe6+ Kh8 20. Raf1 Re8 21. Qg4 $16 {Komodo10}) 17... Qb6 18. Bd2 bxc3
19. Rxc3 (19. Bxc3 Rxc3 20. Rxc3 Qxd4+ 21. Kh1 Qxe5 $15 {Komodo10}) 19... Qxd4+
20. Qe3 Qxe3+ (20... Qa4 $1 21. Rbc1 (21. Ra1 d4 22. Qe4 Rxc3 23. bxc3 Qa5 24.
Qd3 Qxe5 $19) 21... d4 $19 {Komodo10} 22. Qe4 Rxc3 23. Bxc3 Bg5 (23... Rc8 $19)
24. Re1 Rd8 $19) 21. Bxe3 Bb4 $17 22. Rcc1 a6 23. a3 Ba5 24. b4 Bc7 25. Bd4 f6
26. Rc6 Bxe5 $1 $19 27. Rxc8 Bxd4+ 28. Kf1 Rxc8 29. b5 Rb8 30. a4 a5 31. Ke2
Bb6 32. Rc1 Kf7 33. Rc6 e5 34. g4 Kg6 35. h4 h5 36. g5 Kf5 37. Kf3 fxg5 38.
hxg5 Kxg5 39. Rc1 Rf8+ 40. Ke2 Rf6 41. Rc3 Kg4 42. Rc8 Bd4 43. Rd8 g5 44. Rxd5
Rf2+ 45. Ke1 Ra2 46. b6 Bxb6 47. Rxe5 Rxa4 48. Re2 Kf3 (48... Ra1+ 49. Kd2 Ra2+
) 49. Re8 Re4+ 0-1

[Event "Dyfed Major"]
[Site "Fishguard"]
[Date "2017.02.26"]
[Round "4"]
[White "Williams, Allan"]
[Black "Evans, Gwyn"]
[Result "1/2-1/2"]
[WhiteElo "1200"]
[BlackElo "1436"]
[Annotator "Rudy"]
[PlyCount "139"]
[EventDate "2017.02.24"]
[EventCountry "WLS"]

1. d4 d5 2. e3 e6 3. c4 c6 4. Bd3 f5 5. Nf3 Nf6 6. O-O Bd6 7. Qa4 $146 (7. b3 {
main}) (7. Nc3) 7... O-O 8. Nc3 Bd7 9. Qb3 Qc7 10. c5 Be7 11. Ne5 Be8 12. Ne2
Nh5 13. f3 Nd7 14. Qc2 (14. Qc3 {supports the N on e5}) 14... Nxe5 15. dxe5
Qxe5 $15 {Bl now has excellent prospects in the centre} 16. Nd4 Bg6 (16... Nf4
$1 17. Nxf5 exf5 18. exf4 Qd4+ 19. Kh1 Bd7 20. Bd2 Qxc5 $17 {Komodo10}) 17. f4
Qf6 18. b4 Rac8 (18... Nxf4 19. Rxf4 e5 $17 {Komodo10}) 19. Bb2 $11 {Wh has
acquired some open lines & piece activity in the centre; while Bl has still to
solve the problem of what to do with his QB} Qf7 20. Nf3 h6 21. Ne5 Qe8 22. Bd4
Nf6 23. Qb2 Ne4 24. Rac1 Bh7 25. b5 Bf6 26. bxc6 Bxe5 $6 (26... bxc6) 27. Bxe5
bxc6 28. Bxg7 $18 {Wh has control over all the bl squares} Rf7 29. Bxh6 Qe7 30.
Qd4 (30. Bxe4 $1 {the N could help Bl to regain some measure of bl square
fightback} fxe4 31. Bg5 Qf8 32. g4 $18) 30... Qh4 31. Bxe4 Qxh6 32. Bc2 Rg7 33.
Rf3 $18 (33. Rb1 $18 {Bl still has a B acting as a big pawn}) 33... Qh5 34. Bd1
Qg6 35. Rg3 Qf7 36. Rxg7+ Qxg7 37. Qxg7+ Kxg7 38. Rb1 $18 Rc7 39. Rb8 Bg6 40.
Bb3 (40. Kf2 {perhaps the K can get to e5}) 40... Kf6 41. Kf2 e5 42. fxe5+ Kxe5
43. Rg8 Bf7 44. Rg7 Kf6 45. Rg3 (45. Rh7) 45... Rb7 $11 46. Rf3 Be6 (46... Rb5)
47. g4 (47. h4) 47... Kg5 48. gxf5 Bxf5 49. Rf4 (49. h4+ Kg6 50. Ba4 $14 {
Komodo10}) 49... Rb5 50. h4+ Kh5 $2 (50... Kg6 51. Ke2 Rxc5 52. Kd2 Be4 $11)
51. Rxf5+ $18 Kxh4 52. Kf3 (52. Bd1 $1 {and the K is in a mating net} Rb2+ 53.
Be2 Rxe2+ 54. Kxe2 Kg4 55. Rf6 Kg5 56. Rxc6 {is an easy win}) 52... Rxc5 53.
Rf4+ Kh5 54. Ke2 Kg5 55. Kd3 (55. Ra4 a5 56. Kd3 Kf6 57. Kd4 Rb5 58. Bc2 Ke6
59. Bd3 Rb2 60. Rxa5 Rd2 61. Ra6 Kd6 62. Kc3 $18 {Komodo10 nudged}) 55... Rb5
56. Rd4 (56. Rf7) 56... Kf5 57. e4+ {Wh should keep pawns on; capturing rather
than exchanging} dxe4+ 58. Rxe4 a5 59. Ra4 (59. Re7 Kf4 60. Rc7 Rb6 61. Kd4 a4
62. Bc4 Rb1 63. Rxc6 $18) 59... Ke5 60. Rh4 Rb4 {& Bl should keep pieces on}
61. Rh5+ (61. Rxb4 axb4 62. Kc4 c5 63. Kxc5 {wins easily since the B cotrols
the Queening square of the pawn}) 61... Kd6 62. Rxa5 Rb5 {see previous note}
63. Ra6 (63. Rxb5 cxb5 64. Kc3 Kc5 65. a3 Kc6 66. Kb4 Kb6 67. Bf7 Ka6 68. Be8 {
etc}) 63... Kc5 64. Ba4 Rb6 65. Rxb6 Kxb6 66. Kc4 c5 67. Be8 Ka5 68. Kxc5 Ka6
69. a4 Ka5 70. Bb5 $2 {stalemate} (70. Kc4 Kb6 71. Kb4) 1/2-1/2

[Event "Dyfed Major"]
[Site "Fishguard"]
[Date "2017.02.26"]
[Round "4"]
[White "Neave, Guto"]
[Black "Watkins, Peter"]
[Result "1-0"]
[WhiteElo "1515"]
[BlackElo "1390"]
[Annotator "Rudy"]
[PlyCount "39"]
[EventDate "2017.02.24"]
[EventCountry "WLS"]

1. e4 e5 2. Nf3 Nc6 3. Bc4 Nf6 4. Ng5 d5 5. exd5 Na5 6. Bb5+ c6 7. dxc6 bxc6 8.
Be2 {main} h6 9. Nf3 e4 10. Ne5 Bd6 (10... Bc5 {has become popular, especially
in correspondence}) 11. d4 exd3 12. Nxd3 Qc7 13. h3 (13. b3 {has become the
main line}) 13... Be6 (13... O-O 14. O-O Bf5 (14... c5 {main lines; which
offer Bl good compensation for the pawn})) 14. Nc3 (14. Nd2 Bd5 (14... Rd8 15.
b3 Be5 16. Ba3 Nb7 17. O-O c5 18. Nxe5 Qxe5 19. Bb5+ Kf8 20. Nf3 Qh5 21. Qe2 {
Canteli Martinez-Garcia Martinez, Asturias ch, Oviedo 2003,1-0}) 15. Bf3 Qe7+
16. Qe2 Qxe2+ 17. Kxe2 O-O 18. Re1 Rfe8+ 19. Kf1 {Berry-Lang, Horowitz mem
corr 1989,1-0}) 14... O-O (14... Rd8 15. O-O (15. Bf3 O-O 16. Ne4 Nxe4 17. Bxe4
c5 18. Qf3 f5 19. Bd5 Qf7 20. Bxe6 Qxe6+ 21. Qe2 Qg6 22. O-O $11 {Engel-Simons,
Saarland ch, Saarloius Steinrausch 2005,1-0}) 15... Nc4 16. Qe1 O-O 17. b3 Nb6
18. Bb2 Rfe8 19. Rd1 Nbd5 {Alvarez-Romanenko, New York op 1993,1/2-1/2}) 15. b3
(15. O-O {transposes to several games}) 15... Rfe8 (15... Rad8 16. Bb2 Nb7 17.
O-O Rfe8 18. Rc1 Nd5 (18... Nc5 $11) 19. Ne4 (19. Nxd5 $16) 19... Nf4 20. Qd2
Bd5 $19 21. Ng3 {Snowden-James, 4NCL 2004,0-1}) 16. Be3 Rad8 17. Qc1 c5 (17...
Nd5 $11) 18. Nb5 Qb8 (18... Qb7 19. Nxd6 Qxg2 20. Nxe8 Qxh1+ 21. Bf1 Rxe8 $11 {
Komodo10}) 19. Nxd6 Rxd6 (19... Qxd6 20. O-O $16) 20. Bf4 (20. Bf4 c4 $1 21.
Bxd6 Qxd6 22. Nf4 Nd5 23. Nxd5 Bxd5 24. Qd2 c3 25. Qxc3 Bxg2 26. Rg1 Qg6 27.
Rd1 $18 {but Bl could have carried on a bit}) 1-0

[Event "Dyfed Major"]
[Site "Fishguard"]
[Date "2017.02.26"]
[Round "4"]
[White "O'Rourke, Kevin"]
[Black "Chong, Kimberly"]
[Result "1-0"]
[WhiteElo "1107"]
[BlackElo "1441"]
[Annotator "Rudy"]
[PlyCount "73"]
[EventDate "2017.02.24"]
[EventCountry "WLS"]

1. e4 e5 2. Nf3 Nc6 3. Nc3 Nf6 4. a3 {Gunsberg's Four Knights line, the ideas
to have a game normally arrived as Bl, but where a3 is a useful extra tempo,
stopping B pins} Be7 (4... d5 {sharpest & main}) 5. d4 exd4 6. Nxd4 h6 (6...
O-O) (6... d6) 7. Nf5 (7. Nxc6 bxc6 8. e5 Nh7 9. Bd3 d6 10. Qe2 {
Yordanov-Hristov,BUL ch sf 2009,1-0}) 7... O-O 8. Bd3 d5 {breaking open the
centre while the Wh K is still there, but it has some tactical drawbacks} (8...
Bc5) 9. Nxe7+ (9. exd5 $1 Ne5 (9... Nxd5 $2 10. Nxh6+ gxh6 11. Nxd5 Bf6 (11...
Qxd5 $2 12. Bh7+ {wins Q}) 12. O-O $18) 10. Nxe7+ Qxe7 11. O-O $16) 9... Qxe7
$17 10. f3 (10. O-O $5) 10... Ne5 (10... dxe4 11. fxe4 Nxe4 12. Nxe4 f5 (12...
Bf5 13. O-O Bxe4 14. Re1 Rad8 15. Bxh6 Qc5+ 16. Be3 Qf5 17. Bxe4 Qxe4 $15) 13.
O-O fxe4 14. Rxf8+ Kxf8 15. Qf1+ Kg8 16. Bc4+ Be6 17. Be3 Ne5 18. Be2 Rf8 19.
Qe1 Nc4 $17 {Komodo10}) 11. O-O dxe4 12. Bxe4 Nxe4 13. Nxe4 Bf5 14. Ng3 Qc5+
15. Rf2 Rad8 $15 16. Qe1 Rfe8 (16... Bxc2 $17) 17. Be3 $16 Nxf3+ 18. Rxf3 $18
Bg4 19. Bxc5 Rxe1+ 20. Rxe1 Bxf3 21. gxf3 Rd2 22. Re2 Rd5 23. Bb4 h5 24. Nf1 h4
25. Ne3 Re5 26. f4 Re4 27. Bc3 Rxf4 28. Rg2 f6 29. Rg4 (29. Nd5 Ra4 30. Nxf6+)
29... Rf3 30. Ng2 h3 31. Ne1 Re3 32. Rg3 Rxg3+ 33. hxg3 f5 34. Kh2 Kf7 35. g4
Ke6 36. gxf5+ Kxf5 37. Bd2 1-0

[Event "Dyfed Major"]
[Site "Fishguard"]
[Date "2017.02.26"]
[Round "4"]
[White "Bevan, Paul"]
[Black "Osinga, Awne"]
[Result "1/2-1/2"]
[WhiteElo "1251"]
[BlackElo "1386"]
[Annotator "Rudy"]
[PlyCount "151"]
[EventDate "2017.02.24"]
[EventCountry "WLS"]

1. d4 d5 2. e3 Nf6 3. Bd3 g6 4. f4 Ne4 (4... Bg7) (4... Bg4) 5. Nd2 f5 6. Ngf3
(6. Nxe4 fxe4 7. Be2 Bg7 8. c4 e6 9. g3 Nd7 10. b3 c5 11. Bb2 Qa5+ 12. Qd2
Qxd2+ 13. Kxd2 b6 $11 {Jones-Berry, Horowitz mem corr 1989,0-1}) 6... Nc6 {
better toleave c5 as a possibility, since e5 will be difficult to get in} (6...
Nd7) 7. c3 e6 8. Bb5 Bd7 9. Bd3 Bg7 10. h4 {the attack will not get far, since
the Bl K can go to the otherside; more difficult to achieve for Wh.} (10. O-O)
10... Qe7 $17 11. Bxe4 dxe4 (11... fxe4) 12. Ne5 Nxe5 13. dxe5 O-O-O $19 {Bl
is fully developed with open lines. Wh underdeveloped} 14. h5 Bb5 15. h6 Bf8 (
15... Qc5 16. Rh3 Bf8 $19 {Komodo10} (16... Bxh6 $17)) 16. Qb3 Qd7 (16... Qc5
17. Rh3 Qc6 18. Qd1 Rd3 $19 {Komodo10}) 17. c4 Ba4 18. Qc3 Qd3 {swapping off
Bl's best attacker, a R should go to d3 intead} (18... g5 $1 $19) 19. Qxd3 Rxd3
20. b3 (20. Ke2 Bb4 21. b3 Rhd8 22. Nf1 Bc6 $19) 20... Bc6 (20... Rxe3+ 21. Kd1
(21. Kf2 Bc5 22. Ba3 Bd4 23. Bb2 Bb6 24. bxa4 Rd8 25. Rhd1 Rb3+ 26. Kf1 Rxb2
$19) 21... Bc6 $19 {Komodo10}) 21. Kf2 Bc5 (21... g5 {opens up the game for
the Bs}) 22. Nf1 Rhd8 23. Rh3 Bb4 (23... Rc3 24. Ke1 Rc2 25. Bd2 b5 $19 {
Komodo10}) 24. Bb2 Bc3 {swapping off, when Blcould win material} (24... Rd2+
25. Nxd2 Rxd2+ 26. Kg1 Rxb2 $19 {when Wh's Rs are going nowhere & the Bl Bs
will slowly infiltrate}) 25. Bxc3 Rxc3 $17 26. Kg1 b5 27. cxb5 Bxb5 28. Nh2 (
28. g4 fxg4 29. Rg3 Bxf1 30. Rxf1 Rd2 $19 {Komodo10}) 28... Be2 (28... Rcd3 $19
) 29. Kf2 Rc2 30. Ke1 Rdd2 (30... Ba6 $19 {the threat on e2 with a discovered
ch, will create mayhem in the Wh ranks}) 31. Rg3 (31. Nf1 $5) 31... Bh5 (31...
Bd3 $1 {Komodo10;forces mate} 32. Rxg6 Rf2 33. Rb1 Rce2+ 34. Kd1 Bc2+ 35. Kc1
Bxb3 36. Rg8+ Kd7 37. Rg7+ Kc6 38. Rxc7+ Kxc7 39. Nf3 exf3 40. gxf3 Rf1#) 32.
Kf1 Rxa2 33. Rb1 Rab2 34. Ra1 Rxb3 35. Kg1 Kb7 (35... Kd7 {Komodo10} 36. Nf1
Rd1 37. Rxd1+ Bxd1 38. Nd2 Rb4 39. Nc4 Bg4 (39... Rxc4 40. Rxg6 $18) 40. Na5 c5
$19) 36. Nf1 Rdb2 37. Kh2 Rb1 38. Nd2 Rxa1 39. Nxb3 Rb1 40. Nc5+ Kc8 41. Nxe6
a5 $19 42. Nf8 Kd8 $2 (42... a4 $1 {passed pawns must be pushed- a Q will
ensure Bl can cope with any Wh threats} 43. e6 (43. Nxg6 a3 44. Ne7+ Kb7) 43...
Kd8 44. Nxh7 a3 45. Ng5 Ke7 46. h7 Rb8 47. Nf7 a2 48. h8=Q Rxh8 49. Nxh8 a1=Q
$19) 43. Nxh7 $18 Ke7 44. Nf6 Kf7 (44... Rb8 45. Nxh5 gxh5 46. Rg7+ Ke6 47.
Rxc7 Ra8 48. h7 a4 49. Kg3 a3 50. Ra7 Rh8 51. Kh4 a2 52. Ra6+ Kd5 53. Kxh5
Rxh7+ 54. Kg6 Rh8 (54... Rh1 55. Rxa2) 55. Rxa2 Rf8 56. Ra6 Rg8+ 57. Kxf5 Rxg2
58. e6 $18 {Komodo10}) 45. Nxh5 Rb8 (45... gxh5 46. h7 Rb8 47. e6+ Kxe6 48. Rg8
$18) 46. Nf6 (46. h7 {quickest; Komodo10} Ra8 47. e6+ Ke7 48. Rxg6 Rh8 49. Nf6
Kxe6 50. Rg8 Kxf6 51. Rxh8 Kg6 52. g4 $1 Kg7 (52... fxg4 53. f5+ Kg7 54. Rg8+
Kxh7 55. Rxg4) 53. Rg8+ Kxh7 54. Rg5 fxg4 55. f5 {Komodo10}) 46... a4 47. Nd7 (
47. Rh3 a3 48. h7 a2 49. Ng8 Rxg8 (49... a1=Q 50. h8=Q {&Bl gets his K hunted
down}) 50. e6+ Kg7 51. hxg8=Q+ Kxg8 52. e7 Kf7 53. Rh7+ Ke8 54. Rh8+ Kxe7 55.
Ra8 $18 {Komodo10; a neat calculation}) 47... Rd8 (47... Ra8 48. h7 a3 49. e6+
Kg7 (49... Ke7 50. Ne5 a2 51. Rxg6 Rh8 52. Nc6+ Kd6 53. e7+ Kc5 54. e8=Q Rxe8
55. Rg8 Rxg8 (55... a1=Q 56. Rxe8) 56. hxg8=Q a1=Q 57. Nd4 $18 {Komodo10})) 48.
Nc5 (48. e6+ $1 Kxe6 49. Ne5 Kd5 50. Rxg6 a3 (50... Kc5 51. Nf7 Ra8 52. h7) 51.
Ra6 Rf8 52. Rxa3 $18 {Komodo10}) 48... a3 49. e6+ Kf6 50. Nb3 (50. Nd7+ $1 Kxe6
51. Ne5 $18 {Komodo10}) 50... a2 51. e7 $16 Re8 (51... Rh8) 52. h7 Rh8 (52...
Kg7 53. Rg5 $1 Kxh7 54. g4 Rxe7 55. gxf5 gxf5 56. Rg2 $18 {Komodo10}) 53. Rh3
$18 Kxe7 54. Kg1 (54. Kg3 $1 c5 55. Rh1 Kd6 56. Ra1 c4 57. Nd4 Rxh7 58. Rxa2
$18 {Komodo10}) 54... c5 55. Kf1 (55. g3 Kd6 56. Rh2 $18 {Komodo10}) 55... c4
56. Na1 Kf7 57. Ke2 (57. Rh2 $18) 57... Kg7 58. Kd2 Rc8 $2 (58... Rd8+ 59. Kc2
Kh8 60. Rh1 Rd3 61. Re1 Kxh7 62. Kb2 g5 63. g3 Rd2+ 64. Nc2 Rg2 65. Ra1 Rxg3
66. fxg5 Kg6 67. Rxa2 Kxg5 68. Ra5 Kg4 69. Re5 Kg5 70. Kc3 Kf6 71. Rc5 f4 {
eliminates Wh's last pawn}) 59. Kc3 (59. h8=Q+ Rxh8 60. Rxh8 Kxh8 61. Kc3 $18)
59... Kh8 60. Rh2 $16 Rc7 (60... Rd8) 61. g3 $18 (61. g4 $1 $18) 61... Rd7 62.
Kxc4 Rd3 63. Rxa2 Rxe3 64. Rg2 Kxh7 65. Nc2 Rf3 66. Nd4 (66. Kd5 e3 (66... Kh6
67. Kd4 Kg7 68. Ke5 Rb3 69. g4 fxg4 70. Rxg4 Rc3 71. Rg2 e3 72. Kd4 Rc6 73.
Nxe3 $18) 67. Ne1 Rf2 68. Kd4 $18 {Komodo10}) 66... Rd3 67. g4 fxg4 68. Rxg4
Ra3 69. Rg2 e3 70. Nc2 $6 (70. Ne2 Kg7 71. Kd4 Kf6 72. Rg5 Kf7 73. Nc3 Kg7 74.
Rc5 Kh6 75. Re5 Rb3 76. Nd5 $18 {all the time taking care not to let Bl play
g5 , eliminating Wh's last pawn move}) (70. Kd5 $18) 70... Ra4+ 71. Kd3 (71.
Nb4 {last chance} Kh6 72. Re2 Kh5 73. Rg2 (73. Rxe3 Kg4 74. Kb5 Ra7 75. Nd3 g5
{holds the draw}) 73... Kh6 74. Kc3 Ra5 75. Kd4 g5 {end of last Wh pawn}) 71...
Rxf4 72. Kxe3 Rf7 73. Nd4 Re7+ 74. Kf4 Kg7 75. Nc6 Rf7+ 76. Ke4 1/2-1/2

[Event "Dyfed Major"]
[Site "Fishguard"]
[Date "2017.02.26"]
[Round "4"]
[White "Holman, Sam"]
[Black "Taylor, Paul"]
[Result "0-1"]
[WhiteElo "1334"]
[BlackElo "1511"]
[Annotator "Rudy"]
[PlyCount "58"]
[EventDate "2017.02.24"]
[EventCountry "WLS"]

1. e4 Nf6 2. Nc3 d5 3. e5 d4 4. exf6 dxc3 5. fxg7 cxd2+ 6. Bxd2 Bxg7 7. c3 (7.
Qf3 Bxb2 8. Rd1 {appears to be the main line here} Qd4 (8... Qd6 9. Bc4) 9. Ne2
Qg4 10. Qb3) 7... Bf5 (7... Nc6) (7... Qd5 {more frequent}) 8. Nf3 (8. Qf3 Qc8
{scores 75% for Bl}) 8... Qd7 $146 (8... e6) (8... Nd7) 9. Qb3 (9. Bf4 Qe6+ 10.
Be2 Nc6 (10... c6 11. O-O $16) 11. Bxc7 O-O 12. O-O Rac8 13. Bg3 Rfd8 14. Qe1
$14 {Komodo10}) 9... Qe6+ 10. Qxe6 (10. Be3 Qxb3 11. axb3 Nd7 12. b4 $14 {
Komodo10}) 10... Bxe6 $11 11. g3 (11. Bf4) (11. Be3) 11... Nd7 (11... Nc6) 12.
Bg2 O-O-O 13. Be3 (13. O-O) 13... b6 14. Nd4 Bxd4 15. Bxd4 f6 16. a4 Ne5 (16...
Bc4 $11) 17. O-O (17. Bxe5 fxe5 18. a5 Kb8 19. O-O $14 {Komodo10}) 17... Bd5
18. f3 $2 {creating a weakness & sealing in a B is not a sufficient
justification for trying to keep the 'advantage' of the 2 Bs} (18. Bxe5 fxe5
19. Bh3+ e6 20. Rfe1 $16 {as Bl has 2 exposed e pawns}) 18... Nc4 $17 19. Rfe1
e5 20. Bf2 Nxb2 {a useful extra pawn; Wh has no serious attacking prospects
against the Bl K} 21. a5 Nc4 (21... Kb7) 22. axb6 axb6 23. f4 {consenting to
the B swap after all; the trouble is that Wh's remaining B is the worse one,
restricted by its own pawns} Bxg2 24. Kxg2 exf4 (24... Kb7) 25. Re7 Kb7 (25...
Rhe8 26. Rxh7 Kb7 27. Bd4 fxg3 28. hxg3 Re6 $17 {Komodo10}) 26. Rf7 (26. gxf4)
26... f3+ $1 $19 {seals in the K} 27. Kh3 Rd6 (27... Nd6 28. Re7 Rde8 $19 {
Komodo10}) 28. Bd4 Ne5 (28... Rhd8 29. Bxf6 (29. Rxh7 Re8 30. Kg4 Nd2 $19)
29... R8d7 30. Rxd7 Rxd7 31. Bg5 b5 $19 {Komodo10}) 29. Re1 $2 (29. Bxe5 fxe5
30. Rxf3 Rhd8 $17) 29... Nxf7 0-1

[Event "Dyfed Major"]
[Site "Fishguard"]
[Date "2017.02.26"]
[Round "4"]
[White "Baron, Margaret"]
[Black "Farhaili, Mohammed"]
[Result "0-1"]
[WhiteElo "850"]
[BlackElo "1275"]
[Annotator "Rudy"]
[PlyCount "60"]
[EventDate "2017.02.24"]
[EventCountry "WLS"]

1. d4 Nf6 2. e3 d5 3. c4 e6 4. Ne2 $146 {surprisingly enough at this early
stage} (4. Nc3) (4. Nf3) 4... c5 5. Nbc3 {back into previous territory by
transposition} Nc6 (5... dxc4 {alternative}) 6. g3 (6. cxd5 {alternative,
played}) 6... Be7 (6... Bd6 7. cxd5 exd5 8. Bg2 Be6 {several games, level
results}) (6... b6 7. Bg2 Bb7 8. O-O $11 {Zakirov-Bubnel, RUS ch U10, Rybinsk
2000, 0-1}) 7. Bg2 O-O 8. O-O cxd4 (8... dxc4 $15 {Cloud Engines}) 9. exd4 (9.
Nxd4) 9... Qd7 (9... dxc4 10. Qa4 Nb4 11. Qb5 Bd7 12. Qxc4 Rc8 13. Qb3 Bc6 $11
{Komodo10}) 10. a3 (10. cxd5 Nxd5 11. Nxd5 exd5 12. Nf4 $16 {Komodo10; Wh wins
the d5 pawn}) 10... dxc4 11. b4 (11. Qa4 $11) 11... cxb3 $17 12. Qxb3 Nxd4 (
12... b6) 13. Nf4 $2 (13. Nxd4 Qxd4 14. Rd1 Qb6 15. Rb1 Qxb3 16. Rxb3 $15 {
Komodo10}) 13... Nxb3 $19 14. Rb1 Nxc1 15. Rbxc1 Bxa3 16. Rcd1 Qc7 17. Nb5 Qa5
18. Nd6 Bxd6 19. Rxd6 Rd8 20. Rdd1 Rb8 21. Rfe1 b6 $4 22. Re3 $2 (22. Rxd8+ Ne8
23. Rxe8#) 22... Rxd1+ 23. Bf1 Ba6 (23... Qa1) 24. Nd3 Rd8 (24... Ng4 25. Rf3
Bb7) 25. Nb2 Bxf1 26. f4 Bh3+ (26... Qd2) 27. Kf2 Ng4+ (27... Rf1+ 28. Ke2 Qd2#
) 28. Ke2 R8d2+ (28... Qd2+ 29. Kf3 Qxe3#) 29. Kf3 Rf1+ 30. Ke4 Qd5# 0-1

[Event "Dyfed Major"]
[Site "Fishguard"]
[Date "2017.02.26"]
[Round "4"]
[White "Cooke, Raymond"]
[Black "Eddershaw, John"]
[Result "0-1"]
[WhiteElo "1340"]
[BlackElo "1250"]
[Annotator "Rudy"]
[PlyCount "62"]
[EventDate "2017.02.24"]
[EventCountry "WLS"]

1. d4 f5 2. Nf3 Nf6 3. Bg5 d5 (3... e6) (3... Ne4) (3... g6 {main lines}) 4.
Bxf6 exf6 5. a3 (5. e3 {main}) 5... Bd6 (5... Be7 6. e3 O-O 7. c4 Be6 8. Qc2
Re8 {Knobel-Koppelmann, Niedersachsen ch , Verden 2009,1-0}) 6. e3 c6 7. c4 Be6
8. c5 Bc7 9. Bd3 Qe7 10. O-O O-O $11 11. Qc2 g6 12. Qb3 Kg7 (12... b6 13. g3
$11) 13. Qxb7 $2 Bxh2+ 14. Nxh2 Qxb7 $19 15. b4 Nd7 (15... a5) 16. Nd2 a5 17.
f4 axb4 18. axb4 Qxb4 19. Rxa8 Rxa8 (19... Qxd2) 20. Nhf3 Qc3 21. Kh2 (21. Bb1
Qxe3+ $19) 21... Qxd3 22. Kh3 Qxe3 23. Kh4 Qxf4+ 24. Kh3 Qh6+ (24... g5 {mating
}) (24... Ra3 {mating}) 25. Kg3 Qe3 (25... Ra3) 26. Re1 f4+ 27. Kh4 (27. Kh2
Qf2 {lasts a little longer}) 27... g5+ (27... Qf2+ 28. g3 Qxg3#) 28. Nxg5 (28.
Kh5 Qd3 29. Ne4 dxe4 30. d5 Qxd5 31. Nd4 g4+ 32. Nf5+ Qxf5+ 33. Kh4 Qg5#) 28...
Qxe1+ (28... Qg3+ 29. Kh5 Qxg5#) 29. Kh5 fxg5 30. Nf3 Qh1+ (30... Qg3 31. Nxg5
Nf6#) 31. Kxg5 Qh6# 0-1